Estadísticas para Países por una sola Pista #10

Haz click aquí para intentar la prueba.

Estadísticas generales

  • Esta prueba ha sido intentada 5.175 veces
  • La puntuación promedio es 11 de 20

Estadísticas de respuestas

PistaPaís% Correcto
Donde el baile flamenco comenzóEspaña
98%
País africano más cercano a EuropaMarruecos
96%
Dirigido por el papaVaticano
87%
Donde vivió Pablo EscobarColombia
84%
Único país que comienza con la OOmán
81%
País más grande enteramente en EuropaUcrania
75%
Lenguajes principales incluye zulú, xhosa y afrikáansSudáfrica
70%
País más grande que limita el mar CaribeMéxico
68%
Exploradores de este país fueron los
primeros en navegar alrededor de África
Portugal
68%
Creado por la unificación de Tanganica y ZanzíbarTanzania
58%
Es el único ciudad estado en AsiaSingapur
56%
Exportador de petróleo más grande en EuropaNoruega
48%
Dirigido por el coronel GadafiLibia
44%
Invadido por la URSS en el 1979Afganistán
35%
Lugar de un golpe de estado fracasado en el 2016.
(Aunque algunos sospechan que fue un montaje)
Turquía
32%
Este país tiene un PIB per cápita que es
20 veces más grande que su único vecino
Corea del Sur
31%
Tiene la tasa de asesinato más bajo de todos los
países con una población mayor de 20 millones
Japón
28%
Los Jemeres rojos mataron 10% de la población
de este país a finales de los 1970
Camboya
27%
Ciudades principales incluyen Qom, Shiraz e IsfahánIrán
27%
Dirigido en el pasado por Idi AminUganda
19%

Distribución de puntuación

Porcentaje por número respondido

Porcentaje de gente con cada puntuación

Historial de tus puntuaciones

No has intentado esta prueba.